000 00378nam a2200157Ia 4500
005 20240718005529.0
008 240331s9999 xx 000 0 und d
082 _a200.042
_bOMR
100 _aOmri, S.J
245 0 _aWomen and Islam
260 _aAligarh
_bIdara-e-Tahqeeq-o-Tasneef-e-Islami
_c2001
300 _a104 p .,
650 _aPhilosophy
650 _aWomen
942 _cL
999 _c795
_d795